00936nam a22002417a 450000500170000001000150001702000270003202000240005903500130008303700130009608200130010924501710012224600620029326000450035527000630040030000310046350000460049450000190054065000430055970000210060270000280062371000430065120140109120310.0 aENG-108972 a9780198083979c5495.00 a0198083971c5495.00 aEN-92505 bDBAD/PUB a954.0359 aTowards freedom :cedited by Sucheta Mahajan with a preface by the general editor Sabyasachi Bhattacharya.bdocuments on the movement for independence in India 1947 / aDocuments on the movement for independence in India, 1947 aNew DelhibOxford University Pressc2013 aYMCA Library Building, 1 Jai Singh RoadbNew Delhie110001 aPt.1(clv,1318p.)c29cm(Hb) a "Indian Council of Historical Research." aIncludes index a NationalismzIndia vSourcesxHistory aMahajan, Sucheta aSabysachi, Bhattacharya aIndian Council of Historical Research.